000 00554nmm a2200193Ia 4500
008 251105s9999||||xx |||||||||||||||||und||
020 _a9788446052111
041 _aspa
100 _aCánovas Belchi, Joaquín
245 0 _aEl documental de arte en España
264 _a[Madrid, España] :
_bAkal,
_c2023
300 _a256 páginas
490 _aCine
650 _aArts in general
700 _aCánovas Belchi, Joaquín
700 1 _a Aliaga Cárceles, José Javier
856 _uhttps://public.digitaliapublishing.com/a/128711
942 _cCF
999 _c63467
_d63467